Statistics for 10 Biggest Asian Countries by Area

Click here to take the quiz!

General Stats

  • This quiz has been taken 39,112 times
  • The average score is 9 of 10

Answer Stats

km2 Country % Correct
9,572,900China
100%
13,130,000Russia
98%
3,287,263India
98%
1,564,110Mongolia
93%
2,575,000Kazakhstan
91%
1,648,195Iran
90%
881,912Pakistan
89%
1,484,029Indonesia
88%
2,149,690Saudi Arabia
86%
736,034Turkey
74%

Score Distribution

Percentile by Number Answered

Percent of People with Each Score

Your Score History

You have not taken this quiz